Behavioural travel modelling (Record no. 217405)

MARC details
000 -LEADER
fixed length control field 00355nam a2200145Ia 4500
008 - FIXED-LENGTH DATA ELEMENTS--GENERAL INFORMATION
fixed length control field 230917s9999||||xx |||||||||||||| ||und||
040 ## - CATALOGING SOURCE
-- 91319
Original cataloging agency VIVEKANANDA LIBRARY
041 ## - Language
-- English
082 ## - DDC NUMBER
Classification number 380.5 H397B
100 ## - MAIN ENTRY--PERSONAL NAME
Personal name Hensher, David A, ed
245 #0 - TITLE STATEMENT
Title Behavioural travel modelling
260 ## - PUBLICATION, DISTRIBUTION, ETC. (IMPRINT)
Place of publication, distribution, etc London
Name of publisher, distributor, etc Croom Helm
Date of publication, distribution, etc 1979
300 ## - PHYSICAL DESCRIPTION
Pages 860 p.
942 ## - ADDED ENTRY ELEMENTS (KOHA)
Koha item type Books
Holdings
Withdrawn status Lost status Damaged status Not for loan Location (home branch) Sublocation or collection (holding branch) Date acquired Koha issues (times borrowed) Koha full call number Accession No. Koha date last seen Koha item type
        VIVEKANANDA LIBRARY VIVEKANANDA LIBRARY 23/05/2003   380.5 H397B 81924 17/09/2023 Books
© Designed and Maintained by Vivekananda Library, MDU Rohtak